000 01186ncm a2200361 c 4500
999 _c301908
_d301908
003 BLK
005 20250128005554.0
008 180414b bul |a|er|||| |0| c|bulo|
010 _aNOT00001312000
040 _aBLK
041 _aDEU
_cDEU
080 _aКонцерт за цигулка и оркестър
_b785.6:787.1
_z785.6:787.1
100 _aБрамс, Йоханес
_d1833 - 1897
_9387452
139 _aБрамс, Йоханес
_bБ 76
245 1 0 _aKonzert fur Violine und Orchester
_bD-Dur
_cЙоханес Брамс; * Johannes Brahms.
_sOp.77
254 _aПартитура
257 _aDEU
260 _bPeters 528
_cS. a.
300 _a155 с.
_c19 см
380 _a7
650 0 _aЦигулка - концерти, концертини
_9291571
653 _aцигулка
653 _aконцерти
700 1 _aBrahms, Johannes
_e*
_95967
852 _aЦб М 719
_p0
856 4 _qpdf
_u
856 4 _qpdf
_u
942 _cNOT
_n0
_s1
944 _aCR
_c15.06.2005
_k
_lCRON CRON
944 _aED
_c20.09.2017
_kИрена_Линкова
944 _aED
_c2020-04-04
_kРенета Константинова
999 _d301908